Boletín del Depósito Legal de Andalucía : publicaciones periódicas / Biblioteca de Andalucía publicaciones periódicas / Biblioteca de Andalucía
Publicado:
Granada :
Junta de Andalucía. Consejería de Cultura y Medio Ambiente. Dirección General de Fomento y Promoción Cultural ,
1990
Descripción Física:
1 v. ; 28 cm
MARC
| LEADER | 00000nam a2200000Ia 4500 | ||
|---|---|---|---|
| 001 | 9488 | ||
| 003 | BGR | ||
| 005 | 20260324175412.0 | ||
| 008 | 160829s1990 xx 000 0 cat d | ||
| 080 | |a A-1-61 | ||
| 110 | 1 | |9 70312 |a Biblioteca de Andalucía | |
| 245 | |a Boletín del Depósito Legal de Andalucía : |b publicaciones periódicas / Biblioteca de Andalucía | ||
| 260 | |a Granada : |b Junta de Andalucía. Consejería de Cultura y Medio Ambiente. Dirección General de Fomento y Promoción Cultural, |c 1990 | ||
| 300 | |a 1 v. ; |c 28 cm | ||
| 650 | |a Andalusia |x Bibliografia |9 31763 | ||
| 650 | |a Andalusia |x Revistes |x Bibliografia |9 31764 | ||
| 710 | 1 | |9 51320 |a Andalusia |b Junta |b Dirección General de Fomento y Promoción Cultural | |
| 866 | |a vbcrlf1 : 1986/88 | ||
| 901 | |a Arxiu | ||
| 942 | |n 1 |2 udc |c MON | ||
| 952 | |0 0 |1 0 |4 0 |6 A161 |7 1 |9 45750 |a Arxiu |b Arxiu |d 2016-12-01 |l 0 |o A-1-61 |p 9488 |r 2016-12-01 00:00:00 |w 2016-12-01 |y ARXIU | ||
| 999 | |c 49250 |d 49250 | ||